Perspectives in auditing. -- 2nd ed. (Record no. 53420)

MARC details
000 -LEADER
fixed length control field 00693nam a2200193 a 4500
008 - FIXED-LENGTH DATA ELEMENTS--GENERAL INFORMATION
fixed length control field 080423s1971 ||||||||||||||||| || u
020 ## - INTERNATIONAL STANDARD BOOK NUMBER
International Standard Book Number 0070099960
050 ## - LIBRARY OF CONGRESS CALL NUMBER
Classification number HF 5667 Car
100 ## - MAIN ENTRY--PERSONAL NAME
Personal name Willingham, John J
245 10 - TITLE STATEMENT
Title Perspectives in auditing. -- 2nd ed.
Statement of responsibility, etc. Douglas R. Carmichael; John J. Willingham
250 ## - EDITION STATEMENT
Edition statement 2nd ed
260 ## - PUBLICATION, DISTRIBUTION, ETC.
Place of publication, distribution, etc. New York
Date of publication, distribution, etc. 1971
300 ## - PHYSICAL DESCRIPTION
Extent ix, 483p.: ill.
350 ## - PRICE (NR) (BK AM CF MU VM SE) [OBSOLETE]
Price 0.00
650 ## - SUBJECT ADDED ENTRY--TOPICAL TERM
Topical term or geographic name entry element AUDITING--ADDRESSES, ESSAYS, LECTURES
650 ## - SUBJECT ADDED ENTRY--TOPICAL TERM
Topical term or geographic name entry element AUDITING
700 ## - ADDED ENTRY--PERSONAL NAME
Personal name Carmichael, Douglas R
995 ## - RECOMMENDATION 995 [LOCAL, UNIMARC FRANCE]
-- 0.00
-- CBU-MAIN LIBRARY (Kitwe)
-- 1
-- 0.00
-- 1
-- AVAILABLE
-- Apr 23, 2008
-- Annex Low-Usage Collection
Holdings
Withdrawn status Lost status Source of classification or shelving scheme Damaged status Not for loan Home library Current library Shelving location Date acquired Total Checkouts Full call number Barcode Date last seen Price effective from Koha item type
          CBU-MAIN LIBRARY, KITWE. CBU-MAIN LIBRARY, KITWE.   11/30/2022   HF 5667 Car 021345 11/30/2022 11/30/2022 MONOGRAPH